[Event "TUN-ch"]
[Site "Sfax"]
[Date "2022.01.31"]
[Round "11"]
[White "Hbacha, Achraf"]
[Black "Jmila, Omar"]
[Result "0-1"]
[WhiteElo "2187"]
[BlackElo "2138"]
[PlyCount "88"]
[EventDate "2022.01.22"]
[EventType "tourn"]
[EventRounds "11"]
[EventCountry "TUN"]
[SourceTitle "CBM 206 Extra"]
[Source "ChessBase"]
[SourceDate "2022.03.31"]
[SourceVersion "1"]
[SourceVersionDate "2022.03.31"]
[SourceQuality "1"]

1. e4 e5 2. Nf3 Nc6 3. Bb5 a6 4. Bxc6 dxc6 5. 0-0 f6 6. c3 Qd3 7. Re1 Bc5 8. h3 Be6 9. Qe2 0-0-0 10. Na3 Ne7 11. Qxd3 Rxd3 12. Nc2 Ng6 13. Re3 Bxe3 14. fxe3 c5 15. Nce1 Rd7 16. d4 cxd4 17. exd4 exd4 18. cxd4 Re8 19. Nd3 b6 20. Bd2 Bc4 21. Nf2 Be2 22. Bc3 Bxf3 23. gxf3 Nh4 24. Rd1 Nxf3+ 25. Kg2 Ng5 26. Re1 Ne6 27. Rd1 c6 28. Kf3 Red8 29. Ke3 a5 30. Rd2 Kb7 31. h4 Ka6 32. h5 h6 33. Rd1 Kb5 34. Rd3 Ka6 35. Rd1 b5 36. b3 b4 37. Bb2 a4 38. Nd3 axb3 39. Nxb4+ Kb5 40. a3 c5 41. Nd5 cxd4+ 42. Bxd4 Rxd5 43. exd5 Rxd5 44. a4+ Kxa4 0-1

[Event "TUN-ch"]
[Site "Sfax"]
[Date "2022.01.22"]
[Round "1"]
[White "Ben Ammar, Mohamed"]
[Black "Hbacha, Achraf"]
[Result "1-0"]
[WhiteElo "2148"]
[BlackElo "2187"]
[PlyCount "86"]
[EventDate "2022.01.22"]
[EventType "tourn"]
[EventRounds "11"]
[EventCountry "TUN"]
[SourceTitle "CBM 206 Extra"]
[Source "ChessBase"]
[SourceDate "2022.03.31"]
[SourceVersion "1"]
[SourceVersionDate "2022.03.31"]
[SourceQuality "1"]

1. d4 c6 2. c4 b5 3. cxb5 cxb5 4. e4 Bb7 5. f3 e6 6. Be3 a6 7. Bd3 Nf6 8. Ne2 d5 9. e5 Nfd7 10. 0-0 Nc6 11. Nd2 Nb6 12. f4 g6 13. f5 gxf5 14. b3 Nd7 15. Nf3 Qb6 16. Bf2 Bh6 17. Kh1 f6 18. Bg3 fxe5 19. dxe5 0-0-0 20. a4 b4 21. a5 Qa7 22. Nf4 Nc5 23. Rc1 Bxf4 24. Bxf4 Kb8 25. Ng5 Rhe8 26. Nf7 Rd7 27. Nd6 Rg8 28. Bxf5 Rdg7 29. Bh3 Nxa5 30. Nxb7 Naxb7 31. Be3 Qb6 32. Rf2 Qb5 33. g3 Ne4 34. Rf4 Nbc5 35. Bf1 Qa5 36. Ra1 Qc7 37. Rc1 Qe7 38. Bxc5 Nxc5 39. Rxb4+ Ka8 40. Ra1 Rb8 41. Qd4 Rxb4 42. Qxb4 Qa7 43. Bxa6 Qc7 1-0

[Event "Africa-ch"]
[Site "Hammamet"]
[Date "2019.07.12"]
[Round "4"]
[White "Hbacha, Achraf"]
[Black "Zaibi, Amir"]
[Result "1-0"]
[WhiteElo "2249"]
[BlackElo "2378"]
[PlyCount "57"]
[EventDate "2019.07.09"]
[EventType "swiss"]
[EventRounds "9"]
[EventCountry "TUN"]
[SourceTitle "CBM 191 Extra"]
[Source "ChessBase"]
[SourceDate "2019.09.30"]
[SourceVersion "1"]
[SourceVersionDate "2019.09.30"]
[SourceQuality "1"]

1. d4 d5 2. Bf4 c5 3. e3 Nc6 4. c3 Qb6 5. Qb3 c4 6. Qc2 Nf6 7. Nd2 Nh5 8. Ne2 g6 9. e4 e6 10. Be3 f5 11. exd5 exd5 12. Nxc4 dxc4 13. d5 Bc5 14. Bxc5 Qxc5 15. dxc6 0-0 16. 0-0-0 Be6 17. Nd4 Bf7 18. Qa4 Rfe8 19. cxb7 Rab8 20. Qc6 Qxc6 21. Nxc6 Rxb7 22. Nd8 Rc7 23. Nxf7 Kxf7 24. Rd4 Re4 25. Rxe4 fxe4 26. g3 Re7 27. Be2 Ng7 28. Rd1 Nf5 29. Rd8 1-0

[Event "Africa-ch"]
[Site "Hammamet"]
[Date "2019.07.09"]
[Round "1"]
[White "Hamdouchi, Hicham"]
[Black "Hbacha, Achraf"]
[Result "1-0"]
[WhiteElo "2575"]
[BlackElo "2249"]
[PlyCount "79"]
[EventDate "2019.07.09"]
[EventType "swiss"]
[EventRounds "9"]
[EventCountry "TUN"]
[SourceTitle "CBM 191 Extra"]
[Source "ChessBase"]
[SourceDate "2019.09.30"]
[SourceVersion "1"]
[SourceVersionDate "2019.09.30"]
[SourceQuality "1"]

1. e4 c6 2. c4 d5 3. cxd5 cxd5 4. exd5 Nf6 5. Nc3 Nxd5 6. Nf3 Nc6 7. Bc4 e6 8. 0-0 Be7 9. d4 0-0 10. Re1 Bf6 11. Ne5 h6 12. h3 Nb6 13. Bb5 Be7 14. Nf3 Bd6 15. Bd3 Nd5 16. Bc2 Nxc3 17. bxc3 Qf6 18. Qd3 Rd8 19. Qh7+ Kf8 20. Nd2 Bh2+ 21. Kxh2 Qxf2 22. Rf1 Qh4 23. Kg1 Nxd4 24. cxd4 Qxd4+ 25. Rf2 Qxa1 26. Nb3 Qe5 27. Bxh6 f5 28. Qh8+ Kf7 29. Qxd8 gxh6 30. Bd1 Qe1+ 31. Kh2 Qe5+ 32. g3 Qf6 33. Bh5+ Kg7 34. Qc7+ Kh8 35. Rd2 Qg7 36. Rd8+ Kh7 37. Bf7 h5 38. Nd4 h4 39. Bg8+ Kh6 40. Nxf5+ 1-0

[Event "TUN-chT"]
[Site "Hammamet"]
[Date "2019.02.10"]
[Round "3.1"]
[White "Saadani, Tarak"]
[Black "Hbacha, Achraf"]
[Result "1/2-1/2"]
[WhiteElo "2081"]
[BlackElo "2209"]
[PlyCount "41"]
[EventDate "2019.02.09"]
[EventType "team-tourn"]
[EventRounds "11"]
[EventCountry "TUN"]
[SourceTitle "CBM 190 Extra"]
[Source "ChessBase"]
[SourceDate "2019.07.15"]
[SourceVersion "1"]
[SourceVersionDate "2019.07.15"]
[SourceQuality "1"]
[WhiteTeam "Kef"]
[BlackTeam "Temime Cavalier"]
[WhiteTeamCountry "TUN"]
[BlackTeamCountry "TUN"]

1. e4 c6 2. d4 d5 3. Nc3 dxe4 4. Nxe4 Nd7 5. Nf3 Ndf6 6. Ng3 h5 7. Bd3 h4 8. Ne4 Nxe4 9. Bxe4 Nf6 10. Bd3 h3 11. g3 Bg4 12. Be2 Qd5 13. Be3 Qe4 14. 0-0 Nd5 15. c3 Rh5 16. Qb1 f5 17. Qd1 g6 18. Ne1 Bxe2 19. Qxe2 f4 20. Qg4 Bh6 21. Bc1 1/2-1/2

[Event "Monastir op"]
[Site "Monastir"]
[Date "2018.09.05"]
[Round "5"]
[White "Alfaitori, Abdallah"]
[Black "Hbacha, Achraf"]
[Result "0-1"]
[WhiteElo "1961"]
[BlackElo "2221"]
[PlyCount "58"]
[EventDate "2018.09.02"]
[EventType "swiss"]
[EventRounds "9"]
[EventCountry "TUN"]
[SourceTitle "EXT 2019"]
[Source "ChessBase"]
[SourceDate "2018.10.10"]
[SourceVersion "1"]
[SourceVersionDate "2018.10.10"]
[SourceQuality "1"]

1. d4 d5 2. Nf3 Nf6 3. Bf4 Bf5 4. e3 e6 5. Bd3 Ne4 6. Nbd2 Nd7 7. Bxe4 dxe4 8. Ne5 Nxe5 9. Bxe5 Qg5 10. Rg1 Qe7 11. c3 f6 12. Bg3 h5 13. h3 h4 14. Bh2 Qd7 15. Qb3 0-0-0 16. 0-0-0 Bd6 17. Bxd6 cxd6 18. Kb1 g5 19. Ka1 Rdg8 20. Rc1 g4 21. hxg4 Rxg4 22. f3 exf3 23. gxf3 Rxg1 24. Rxg1 h3 25. e4 h2 26. Rh1 Qg7 27. Qd1 Qg2 28. exf5 Rg8 29. f4 Qxh1 0-1

[Event "Arab-ch 2017 U20"]
[Site "Sharjah"]
[Date "2018.01.30"]
[Round "4.3"]
[White "Ahmed, Fareed"]
[Black "Hbacha, Achraf"]
[Result "1-0"]
[WhiteElo "2003"]
[BlackElo "2260"]
[PlyCount "73"]
[EventDate "2018.01.??"]
[EventType "swiss"]
[EventRounds "7"]
[EventCountry "UAE"]
[SourceTitle "EXT 2024"]
[Source "ChessBase"]
[SourceDate "2023.10.10"]
[SourceVersion "1"]
[SourceVersionDate "2023.10.10"]
[SourceQuality "1"]

1. e4 c6 2. d4 d5 3. Nc3 dxe4 4. Nxe4 Nd7 5. Nf3 Ndf6 6. Ng3 Bg4 7. c3 e6 8. h3 Bxf3 9. Qxf3 Bd6 10. Bd3 Ne7 11. Ne4 Nxe4 12. Qxe4 Qc7 13. Bd2 0-0-0 14. 0-0-0 Ng6 15. g3 e5 16. h4 exd4 17. Qxd4 Kb8 18. Be3 Qa5 19. Qxg7 Qxa2 20. Bb1 Qe6 21. Bxg6 Qxg6 22. Qxg6 fxg6 23. Rxd6 Rxd6 24. Bf4 Rhd8 25. Rd1 Kc7 26. b4 b6 27. c4 c5 28. b5 R8d7 29. Rd5 Rd8 30. Be5 R8d7 31. g4 Rd8 32. f4 R8d7 33. Kc2 Rd8 34. Kd3 R8d7 35. Ke4 Rd8 36. f5 gxf5+ 37. gxf5 1-0

[Event "Monastir Moknine op-A"]
[Site "Monastir"]
[Date "2017.09.07"]
[Round "4"]
[White "Bouzidi, Ahmed"]
[Black "Hbacha, Achraf"]
[Result "0-1"]
[WhiteElo "2237"]
[BlackElo "2240"]
[PlyCount "58"]
[EventDate "2017.09.05"]
[EventType "swiss"]
[EventRounds "9"]
[EventCountry "TUN"]
[SourceTitle "CBM 180 Extra"]
[Source "ChessBase"]
[SourceDate "2017.10.06"]
[SourceVersion "1"]
[SourceVersionDate "2017.10.06"]
[SourceQuality "1"]

1. e4 c6 2. d4 d5 3. Nc3 dxe4 4. Nxe4 Nf6 5. Nxf6+ exf6 6. c3 Bd6 7. Bd3 0-0 8. Ne2 Re8 9. Qc2 h6 10. Be3 Be6 11. 0-0 Qc7 12. Ng3 h5 13. Nxh5 Bxh2+ 14. Kh1 Bd6 15. Rae1 Nd7 16. f4 Bg4 17. Ng3 Nb6 18. Qf2 Nd5 19. Ne4 Be7 20. Bd2 f5 21. Ng5 g6 22. c4 Nf6 23. Bc3 Nh5 24. Kg1 Bxg5 25. fxg5 Qg3 26. Qxg3 Nxg3 27. Rf2 Rxe1+ 28. Bxe1 Re8 29. Bc3 Re3 0-1

[Event "Monastir Moknine op-A"]
[Site "Monastir"]
[Date "2017.09.06"]
[Round "2"]
[White "Douissa, Oussama"]
[Black "Hbacha, Achraf"]
[Result "0-1"]
[WhiteElo "2257"]
[BlackElo "2240"]
[PlyCount "106"]
[EventDate "2017.09.05"]
[EventType "swiss"]
[EventRounds "9"]
[EventCountry "TUN"]
[SourceTitle "CBM 180 Extra"]
[Source "ChessBase"]
[SourceDate "2017.10.06"]
[SourceVersion "1"]
[SourceVersionDate "2017.10.06"]
[SourceQuality "1"]

1. e4 c6 2. c4 g6 3. Nf3 Bg7 4. Nc3 d6 5. Be2 Bg4 6. d4 Nd7 7. 0-0 e5 8. d5 c5 9. h3 Bxf3 10. Bxf3 Ne7 11. a3 0-0 12. b4 a6 13. bxc5 Nxc5 14. Na4 Nd7 15. Rb1 Rb8 16. Be2 f5 17. Be3 Nc8 18. f3 Bf6 19. c5 Bg5 20. Bxg5 Qxg5 21. c6 Qe3+ 22. Rf2 bxc6 23. dxc6 Rxb1 24. Qxb1 Nc5 25. Nxc5 Qxc5 26. exf5 gxf5 27. Qb4 Qxc6 28. Qc4+ Qxc4 29. Bxc4+ Kg7 30. Bxa6 Ne7 31. a4 Ra8 32. Bb5 d5 33. Rc2 Ra7 34. Kf2 Kf6 35. f4 exf4 36. Ke2 Ke5 37. Kd3 Ng8 38. Re2+ Kd6 39. Rf2 Nf6 40. Rxf4 Ke5 41. Ke3 Rg7 42. Bf1 Rg3+ 43. Rf3 d4+ 44. Kd3 Rg7 45. Kc4 Ne4 46. Kb5 Nd2 47. Rf2 Nxf1 48. Rxf1 Rxg2 49. Re1+ Kd5 50. Rf1 Rb2+ 51. Ka6 Ke4 52. Re1+ Kf3 53. Rf1+ Rf2 0-1

[Event "Monastir Moknine op-A"]
[Site "Monastir"]
[Date "2017.09.05"]
[Round "1"]
[White "Hbacha, Achraf"]
[Black "Meftahi, Houssem"]
[Result "1-0"]
[WhiteElo "2240"]
[BlackElo "2074"]
[PlyCount "72"]
[EventDate "2017.09.05"]
[EventType "swiss"]
[EventRounds "9"]
[EventCountry "TUN"]
[SourceTitle "CBM 180 Extra"]
[Source "ChessBase"]
[SourceDate "2017.10.06"]
[SourceVersion "1"]
[SourceVersionDate "2017.10.06"]
[SourceQuality "1"]

1. e4 c5 2. Nf3 Nc6 3. Nc3 e6 4. d4 cxd4 5. Nxd4 Qc7 6. Be2 a6 7. Be3 Nf6 8. 0-0 Bb4 9. Na4 0-0 10. Nxc6 bxc6 11. Qd4 Bd6 12. h4 Rb8 13. Qd3 Be7 14. b3 d5 15. exd5 cxd5 16. c4 dxc4 17. Qxc4 Qe5 18. Bf4 Qb5 19. Qxb5 Rxb5 20. Bxb5 axb5 21. Nb6 Ba6 22. Rfd1 Rd8 23. Bc7 Re8 24. a4 b4 25. Rac1 Bb7 26. Bd6 Bd8 27. Nc4 Nd5 28. Bxb4 Bxh4 29. Nd6 Rb8 30. Nxb7 Nxb4 31. Rc4 Nd5 32. Rxh4 Rxb7 33. b4 g5 34. Rg4 h6 35. b5 Nf4 36. Rb1 f5 1-0

[Event "Africa-ch U20"]
[Site "Hammamet"]
[Date "2016.12.03"]
[Round "9"]
[White "Baktache, Hamza"]
[Black "Hbacha, Achraf"]
[Result "0-1"]
[WhiteElo "1632"]
[BlackElo "2057"]
[PlyCount "70"]
[EventDate "2016.11.26"]
[EventType "swiss"]
[EventRounds "9"]
[EventCountry "TUN"]
[SourceTitle "EXT 2018"]
[Source "ChessBase"]
[SourceDate "2017.10.13"]
[SourceVersion "1"]
[SourceVersionDate "2017.10.13"]
[SourceQuality "1"]

1. d4 Nf6 2. Nf3 g6 3. c4 Bg7 4. g3 0-0 5. Bg2 d6 6. 0-0 Nbd7 7. Nc3 c5 8. e4 cxd4 9. Nxd4 Qb6 10. Nf3 Nc5 11. Qe2 Be6 12. Kh1 Qa6 13. Nd2 Rac8 14. Rb1 Nfd7 15. a3 Bxc3 16. bxc3 Ne5 17. Qe3 Nxc4 18. Qh6 Nd3 19. Nf3 f6 20. Nd4 Bf7 21. Bh3 Rc5 22. Ne6 Bxe6 23. Bxe6+ Rf7 24. Bxf7+ Kxf7 25. Qxh7+ Ke8 26. Qxg6+ Kd8 27. Qg8+ Kd7 28. Kg2 Qc6 29. Qg4+ f5 30. Qh4 fxe4 31. Kg1 Nce5 32. Qh8 Nf3+ 33. Kh1 e3 34. Bxe3 Nde1 35. Rfxe1 Nxe1+ 0-1

[Event "Africa-ch U20"]
[Site "Hammamet"]
[Date "2016.12.01"]
[Round "7"]
[White "Hbacha, Achraf"]
[Black "Houimel, Omar"]
[Result "1/2-1/2"]
[WhiteElo "2057"]
[BlackElo "1980"]
[PlyCount "110"]
[EventDate "2016.11.26"]
[EventType "swiss"]
[EventRounds "9"]
[EventCountry "TUN"]
[SourceTitle "EXT 2018"]
[Source "ChessBase"]
[SourceDate "2017.10.13"]
[SourceVersion "1"]
[SourceVersionDate "2017.10.13"]
[SourceQuality "1"]

1. e4 c5 2. Nf3 Nc6 3. g3 d6 4. Bg2 g6 5. c3 Nf6 6. d3 Bg7 7. 0-0 0-0 8. a4 Bd7 9. h3 a6 10. Ne1 b5 11. f4 Rb8 12. g4 b4 13. Nc2 bxc3 14. bxc3 Na5 15. Be3 Bc6 16. Bf2 Qc7 17. Ra2 Qb7 18. Ne3 c4 19. e5 Nd5 20. Nxd5 Bxd5 21. Bxd5 Qxd5 22. d4 Qe4 23. Bh4 Rb7 24. Re2 Qc6 25. Nd2 Rfb8 26. Ne4 Nb3 27. exd6 exd6 28. Nf6+ Bxf6 29. Bxf6 d5 30. g5 Qd7 31. Qe1 Qc8 32. Qh4 Qf8 33. Rfe1 Na5 34. Be7 Rxe7 35. Rxe7 Nb7 36. Qg4 Nd6 37. Qd7 Ne4 38. Qxd5 Qxe7 39. Rxe4 Qc7 40. Re5 Qb6 41. Qf3 Qb1+ 42. Kg2 Qc2+ 43. Re2 Qxa4 44. d5 Qb5 45. Rd2 a5 46. d6 Rd8 47. Qe4 a4 48. d7 a3 49. Qe7 Qb8 50. Kg3 Qc7 51. Rd6 a2 52. Qe8+ Kg7 53. Qe5+ Kf8 54. Qh8+ Ke7 55. Qf6+ Kf8 1/2-1/2

[Event "Africa-ch U20"]
[Site "Hammamet"]
[Date "2016.11.28"]
[Round "4"]
[White "Hbacha, Achraf"]
[Black "Bouchamla, Alaa"]
[Result "1-0"]
[WhiteElo "2057"]
[BlackElo "1670"]
[PlyCount "97"]
[EventDate "2016.11.26"]
[EventType "swiss"]
[EventRounds "9"]
[EventCountry "TUN"]
[SourceTitle "EXT 2018"]
[Source "ChessBase"]
[SourceDate "2017.10.13"]
[SourceVersion "1"]
[SourceVersionDate "2017.10.13"]
[SourceQuality "1"]

1. b3 Nf6 2. Bb2 e6 3. e3 d5 4. f4 b6 5. Nf3 Ba6 6. Bxa6 Nxa6 7. Ne5 c5 8. 0-0 Bd6 9. Kh1 Rc8 10. g4 Bxe5 11. Bxe5 0-0 12. g5 Ne8 13. Bb2 d4 14. Na3 e5 15. fxe5 Qxg5 16. exd4 cxd4 17. Bxd4 f6 18. Qe2 Nac7 19. Qg2 Qxg2+ 20. Kxg2 fxe5 21. Rxf8+ Kxf8 22. Bxe5 Nf6 23. c4 Ke7 24. d4 Ne6 25. d5 Nc5 26. Nb5 a5 27. Bc7 Nfd7 28. Re1+ Kf6 29. Bg3 g5 30. Rf1+ Kg6 31. Nd6 Rg8 32. Nf5 Re8 33. Nd4 h5 34. Re1 Rxe1 35. Bxe1 Kf6 36. Bg3 Ne5 37. Nc6 Ned7 38. Bd6 Kf5 39. Kf3 Kf6 40. Be7+ Kf5 41. Bd8 Nb7 42. Bc7 Kf6 43. a3 Nbc5 44. b4 axb4 45. axb4 Nd3 46. Ke3 Ne1 47. Ke4 Nc2 48. Ne5 Nf8 49. c5 1-0

[Event "Africa-ch U20"]
[Site "Hammamet"]
[Date "2016.11.27"]
[Round "3"]
[White "Nassr, Ali"]
[Black "Hbacha, Achraf"]
[Result "1-0"]
[WhiteElo "2221"]
[BlackElo "2057"]
[PlyCount "129"]
[EventDate "2016.11.26"]
[EventType "swiss"]
[EventRounds "9"]
[EventCountry "TUN"]
[SourceTitle "EXT 2018"]
[Source "ChessBase"]
[SourceDate "2017.10.13"]
[SourceVersion "1"]
[SourceVersionDate "2017.10.13"]
[SourceQuality "1"]

1. d4 d5 2. Bf4 c6 3. e3 Bf5 4. c4 e6 5. Nc3 Nf6 6. Nf3 Nbd7 7. h3 h6 8. a3 Be7 9. Be2 0-0 10. c5 Ne4 11. Nxe4 Bxe4 12. b4 Bf6 13. 0-0 Re8 14. Ra2 e5 15. Bg3 Bxf3 16. Bxf3 exd4 17. exd4 b5 18. a4 a6 19. Qd3 Qc8 20. Rfa1 Qb7 21. Bf4 Nf8 22. Be3 Ne6 23. Bg4 Rab8 24. Qd2 Ra8 25. Bf5 Kf8 26. Ra3 Nc7 27. Bc2 bxa4 28. Rxa4 Ra7 29. Qd3 Rea8 30. Bf4 Nb5 31. Re1 g6 32. Bxh6+ Kg8 33. Be3 a5 34. Rb1 Qd7 35. bxa5 Rxa5 36. Rxa5 Rxa5 37. Bd1 Ra3 38. Qd2 Qa7 39. Be2 Ra1 40. Rf1 Rxf1+ 41. Bxf1 Qa1 42. g3 Bxd4 43. Kg2 Bc3 44. Qe2 Nc7 45. h4 Qb1 46. Kh2 Qe4 47. Bg2 Qe7 48. Qc2 Be5 49. Bg5 Qe8 50. Qa4 Qa8 51. Qg4 Qe8 52. Be3 Ne6 53. Qa4 Qd7 54. Bf3 f5 55. Kg2 Qc7 56. h5 g5 57. Qa8+ Kf7 58. h6 g4 59. Be2 Nd8 60. Bg5 Bf6 61. h7 Qe5 62. h8Q Bxh8 63. Qxd8 Bf6 64. Bxf6 Qxf6 65. Qd7+ 1-0

[Event "TUN-chB"]
[Site "Hammamet"]
[Date "2016.10.17"]
[Round "4"]
[White "Hbacha, Achraf"]
[Black "Azouz, Boubaker"]
[Result "1-0"]
[WhiteElo "2013"]
[BlackElo "2071"]
[PlyCount "81"]
[EventDate "2016.10.15"]
[EventType "swiss"]
[EventRounds "9"]
[EventCountry "TUN"]
[SourceTitle "EXT 2018"]
[Source "ChessBase"]
[SourceDate "2017.10.13"]
[SourceVersion "1"]
[SourceVersionDate "2017.10.13"]
[SourceQuality "1"]

1. e4 c5 2. Nf3 d6 3. g3 Nf6 4. d3 g6 5. Bg2 Bg7 6. 0-0 0-0 7. c3 Nc6 8. h3 Qc7 9. Nh4 b6 10. f4 Bb7 11. g4 Nd7 12. Nd2 a5 13. Nc4 b5 14. Ne3 b4 15. Nf3 Nb6 16. Bd2 Ba6 17. Ne1 Rab8 18. g5 h5 19. Nd5 Qd8 20. a3 Nd7 21. axb4 cxb4 22. f5 Nce5 23. f6 exf6 24. gxf6 Bxf6 25. Rxf6 Nxf6 26. Bg5 Ned7 27. Qf3 Kg7 28. Nc2 Re8 29. Rf1 Re6 30. Nd4 Re5 31. Nc6 Rxd5 32. exd5 Qb6+ 33. Be3 Qc7 34. Nxb8 Qxb8 35. Bd4 Qd8 36. c4 Ne5 37. Bxe5 dxe5 38. Qe3 Qc7 39. c5 Nd7 40. Rc1 a4 41. Kf2 1-0

[Event "TUN-chB"]
[Site "Hammamet"]
[Date "2016.10.17"]
[Round "5"]
[White "Meftahi, Houssem"]
[Black "Hbacha, Achraf"]
[Result "0-1"]
[WhiteElo "2120"]
[BlackElo "2013"]
[PlyCount "94"]
[EventDate "2016.10.15"]
[EventType "swiss"]
[EventRounds "9"]
[EventCountry "TUN"]
[SourceTitle "EXT 2018"]
[Source "ChessBase"]
[SourceDate "2017.10.13"]
[SourceVersion "1"]
[SourceVersionDate "2017.10.13"]
[SourceQuality "1"]

1. e4 c6 2. d4 d5 3. e5 Bf5 4. Nf3 e6 5. Be2 Ne7 6. 0-0 Nd7 7. Nbd2 Ng6 8. Nb3 Be7 9. Ne1 h5 10. f4 c5 11. c4 dxc4 12. Bxc4 a6 13. Be3 Nb6 14. Be2 Nd5 15. Bd2 cxd4 16. Bxh5 Qb6 17. Ba5 Qa7 18. Bxg6 Bxg6 19. Qxd4 Qxd4+ 20. Nxd4 Bc5 21. Bc3 0-0-0 22. Rc1 Kb8 23. Rf2 Rc8 24. Rd1 Bb6 25. h3 Rhd8 26. Kh2 Rxc3 27. bxc3 Nxc3 28. Nc6+ bxc6 29. Rxd8+ Bxd8 30. Nf3 Bb6 31. Rb2 Kc7 32. g3 c5 33. Nd2 Bd3 34. Nf3 c4 35. Ne1 Be4 36. Nc2 Bxc2 37. Rxc2 Ba5 38. g4 Kc6 39. h4 Kc5 40. h5 Nd5 41. Kg3 Kd4 42. g5 Ne3 43. Rh2 c3 44. Kf3 Nf5 45. h6 gxh6 46. gxh6 Nxh6 47. Rxh6 c2 0-1

[Event "Arab-ch U18"]
[Site "Djerba"]
[Date "2016.07.25"]
[Round "4.4"]
[White "Hbacha, Achraf"]
[Black "Aloulou, Mahmoud"]
[Result "1-0"]
[WhiteElo "2002"]
[BlackElo "1694"]
[PlyCount "51"]
[EventDate "2016.07.23"]
[EventType "swiss"]
[EventRounds "9"]
[EventCountry "TUN"]
[SourceTitle "EXT 2024"]
[Source "ChessBase"]
[SourceDate "2023.10.10"]
[SourceVersion "1"]
[SourceVersionDate "2023.10.10"]
[SourceQuality "1"]

1. e4 e5 2. Bc4 Nf6 3. Nc3 Nxe4 4. Qh5 Nd6 5. Qxe5+ Qe7 6. Qxe7+ Bxe7 7. Bb3 c6 8. Nf3 Nf5 9. 0-0 d5 10. Re1 Be6 11. Ne2 a5 12. c3 Bd6 13. d4 Ne7 14. Bc2 Bg4 15. Ne5 Bf5 16. Bxf5 Nxf5 17. Ng3 Ne7 18. Bf4 a4 19. Nxc6 Nbxc6 20. Bxd6 Kd7 21. Bxe7 Nxe7 22. Ne2 Rhc8 23. Rac1 Ra6 24. Nf4 Rb6 25. Rxe7+ Kxe7 26. Nxd5+ 1-0

[Event "Africa zt 4.1"]
[Site "Hammamet"]
[Date "2015.03.30"]
[Round "7"]
[White "Zaibi, Amir"]
[Black "Hbacha, Achraf"]
[Result "1-0"]
[WhiteElo "2332"]
[BlackElo "1954"]
[PlyCount "51"]
[EventDate "2015.03.26"]
[EventType "swiss"]
[EventRounds "9"]
[EventCountry "TUN"]
[SourceTitle "CBM 165 Extra"]
[Source "ChessBase"]
[SourceDate "2015.04.21"]
[SourceVersion "1"]
[SourceVersionDate "2015.04.21"]
[SourceQuality "1"]

1. e4 c6 2. d4 d5 3. e5 Bf5 4. Nf3 e6 5. Be2 Nd7 6. 0-0 Ne7 7. Nbd2 Qc7 8. Nb3 0-0-0 9. Ng5 Bg6 10. Bh5 Nb6 11. Nxf7 Bxf7 12. Bxf7 Ng6 13. Bxe6+ Kb8 14. f4 Be7 15. Bh3 c5 16. c3 Rhf8 17. f5 Nh8 18. Bf4 Ka8 19. e6 Qc6 20. Nxc5 g5 21. Be5 Nc4 22. Nd7 Rxd7 23. exd7 Ne3 24. Qe2 Nxf1 25. Rxf1 Bd8 26. Bg7 1-0

[Event "Africa zt 4.1"]
[Site "Hammamet"]
[Date "2015.03.29"]
[Round "5"]
[White "Hbacha, Achraf"]
[Black "Saim, Mohamed Ilias"]
[Result "1-0"]
[WhiteElo "1954"]
[BlackElo "2150"]
[PlyCount "185"]
[EventDate "2015.03.26"]
[EventType "swiss"]
[EventRounds "9"]
[EventCountry "TUN"]
[SourceTitle "CBM 165 Extra"]
[Source "ChessBase"]
[SourceDate "2015.04.21"]
[SourceVersion "1"]
[SourceVersionDate "2015.04.21"]
[SourceQuality "1"]

1. e4 e5 2. Bc4 Nf6 3. d3 c6 4. Bg5 Be7 5. Nf3 d6 6. h3 Nbd7 7. Nbd2 0-0 8. 0-0 h6 9. Bxf6 Bxf6 10. Re1 b5 11. Bb3 Nc5 12. Nf1 Ne6 13. Bxe6 Bxe6 14. Ng3 g6 15. c3 Bg7 16. d4 a5 17. Qd2 Qe7 18. b3 Rfd8 19. Rad1 c5 20. Qe2 b4 21. dxe5 dxe5 22. c4 a4 23. Nf1 axb3 24. axb3 Ra3 25. Rxd8+ Qxd8 26. Rd1 Qa8 27. Qd3 f5 28. N3d2 f4 29. Nf3 Ra6 30. Qd8+ Qxd8 31. Rxd8+ Kf7 32. Rb8 Bf6 33. Rb5 Rc6 34. N1d2 Ke7 35. Ne1 h5 36. Kf1 g5 37. Nd3 Kd6 38. Ke2 Bc8 39. Ra5 g4 40. hxg4 hxg4 41. Ra7 Ra6 42. Rf7 Bd8 43. Rf8 Ke7 44. Rh8 Ra2 45. Nxe5 Bc7 46. Rh7+ Kd6 47. Nd3 Kc6 48. Rh6+ Kb7 49. Nxc5+ Kb8 50. Nd3 Bb7 51. Nxb4 f3+ 52. gxf3 gxf3+ 53. Ke3 Rxd2 54. Rh8+ Rd8 55. Rxd8+ Bxd8 56. Kxf3 Kc7 57. Kf4 Kd6 58. Nd3 Ke7 59. b4 Bc7+ 60. Ke3 Bc8 61. f4 Bh3 62. e5 Bf1 63. Nb2 Ke6 64. Ke4 Bg2+ 65. Kd4 Kf5 66. Kc5 Be4 67. b5 Kxf4 68. e6 Bg6 69. Kc6 Be5 70. Na4 Be8+ 71. Kb7 Kf5 72. Nc5 Bd6 73. Na6 Bxb5 74. cxb5 Kxe6 75. Kc6 Bg3 76. b6 Bf2 77. Nc5+ Ke7 78. b7 Bg3 79. Na6 Kd8 80. Nc5 Ke7 81. Nb3 Bh2 82. Nd4 Bb8 83. Nf5+ Ke6 84. Nd4+ Ke7 85. Nb5 Kd8 86. Nd6 Ke7 87. Ne4 Kd8 88. Nc5 Ke7 89. Na6 Ba7 90. Kc7 Ke6 91. Nb4 Bc5 92. Kc8 Bd6 93. Na6 1-0

[Event "Africa zt 4.1"]
[Site "Hammamet"]
[Date "2015.03.26"]
[Round "1"]
[White "Hbacha, Achraf"]
[Black "Bouzidi, Ahmed"]
[Result "0-1"]
[WhiteElo "1954"]
[BlackElo "2227"]
[PlyCount "38"]
[EventDate "2015.03.26"]
[EventType "swiss"]
[EventRounds "9"]
[EventCountry "TUN"]
[SourceTitle "CBM 165 Extra"]
[Source "ChessBase"]
[SourceDate "2015.04.21"]
[SourceVersion "1"]
[SourceVersionDate "2015.04.21"]
[SourceQuality "1"]

1. e4 Nf6 2. Nc3 d5 3. exd5 Nxd5 4. Nxd5 Qxd5 5. Nf3 Nc6 6. Be2 Bg4 7. d4 0-0-0 8. c3 e5 9. dxe5 Qe4 10. Bd2 Nxe5 11. Nxe5 Qxe5 12. h3 Bh5 13. g4 Bg6 14. Qa4 Rxd2 15. Kxd2 Bc5 16. Rad1 Re8 17. Qc4 b5 18. Qxb5 Qf4+ 19. Ke1 Qxf2+ 0-1